[Event "Canada Int. op"]
[Site "Contrecoeur CAN"]
[Date "2022.10.08"]
[Round "3.10"]
[White "Batorshyn, Ilia"]
[Black "Zheng, Richard"]
[Result "1/2-1/2"]
[WhiteElo "1909"]
[BlackElo "2147"]
[PlyCount "89"]
[EventDate "2022.10.07"]
[EventType "swiss"]
[EventRounds "5"]
[EventCountry "CAN"]

1. d4 d5 2. c4 c6 3. Nf3 Nf6 4. e3 e6 5. Nbd2 Nbd7 6. b3 b6 7. Bd3 Bb7 8. O-O
c5 9. cxd5 exd5 10. Bb2 Be7 11. Rc1 O-O 12. Ne5 Ne4 13. Nxd7 Qxd7 14. dxc5 bxc5
15. Nxe4 dxe4 16. Be2 Qe6 17. Ba3 Rfc8 18. Bg4 f5 19. Be2 Kh8 20. Bc4 Qe5 21.
Qd7 Bd6 22. g3 Rc7 23. Qe6 Re8 24. Qxe5 Bxe5 25. Bb5 Rec8 26. Rfd1 g6 27. Rxc5
Rxc5 28. Bxc5 Rxc5 29. Rd8+ Kg7 30. Rd7+ Kf6 31. Rxb7 Rc7 32. Rxc7 Bxc7 33. Kf1
g5 34. Ke2 f4 35. exf4 gxf4 36. Bc6 Kf5 37. f3 exf3+ 38. Kxf3 fxg3 39. Be4+ Ke5
40. hxg3 h6 41. Ke3 Bd8 42. Bg6 Kd5 43. Kd3 Kc5 44. a3 a5 45. Kc3 1/2-1/2

[Event "Canada Int. op"]
[Site "Contrecoeur CAN"]
[Date "2022.10.08"]
[Round "3.11"]
[White "Wang, Derek"]
[Black "Han, Johnathan"]
[Result "0-1"]
[WhiteElo "1697"]
[BlackElo "2141"]
[PlyCount "96"]
[EventDate "2022.10.07"]
[EventType "swiss"]
[EventRounds "5"]
[EventCountry "CAN"]

1. Nf3 Nf6 2. d4 e6 3. c4 b6 4. Bg5 Bb7 5. e3 Bb4+ 6. Nbd2 h6 7. Bxf6 Qxf6 8.
Be2 O-O 9. O-O c5 10. a3 Bxd2 11. Qxd2 d6 12. Rfd1 Nd7 13. Rac1 Rfd8 14. Qc3
Qe7 15. dxc5 Nxc5 16. Nd2 Rac8 17. b4 Nd7 18. Bf3 Ne5 19. Bxb7 Qxb7 20. Qd4 Ng6
21. Ne4 d5 22. Ng3 Qc7 23. c5 Qb7 24. cxb6 axb6 25. Rxc8 Rxc8 26. h3 Rc4 27.
Qa1 Qc6 28. Ne2 e5 29. Rc1 b5 30. Rxc4 Qxc4 31. Qb2 f6 32. Qd2 Nh4 33. Kf1 Kh7
34. g3 Nf3 35. Qc3 Qe4 36. Nc1 Qf5 37. g4 Qd7 38. Kg2 e4 39. Ne2 h5 40. gxh5
Qf5 41. Nf4 Qg5+ 42. Kf1 d4 43. exd4 Qxf4 44. Qc6 Nxd4 45. Qe8 Qf5 46. Ke1 Ne6
47. Qd7 Qe5 48. Qe8 Nf4 0-1

[Event "Canada Int. op"]
[Site "Contrecoeur CAN"]
[Date "2022.10.08"]
[Round "3.12"]
[White "Templonuevo, Mark Geryl"]
[Black "Gingras, Philippe"]
[Result "0-1"]
[WhiteElo "1781"]
[BlackElo "1927"]
[PlyCount "108"]
[EventDate "2022.10.07"]
[EventType "swiss"]
[EventRounds "5"]
[EventCountry "CAN"]

1. Nf3 Nf6 2. g3 d5 3. d4 c5 4. Bg2 Nc6 5. O-O cxd4 6. Nxd4 Bd7 7. Bf4 Qb6 8.
Nb3 e6 9. a4 a5 10. Nc3 Nb4 11. e3 Be7 12. Nd4 Rc8 13. g4 Bc6 14. g5 Nd7 15.
Qg4 O-O 16. Ncb5 Bxb5 17. Nxb5 Rxc2 18. h4 Rfc8 19. Rad1 Nf8 20. Be5 R2c4 21.
Qh3 Nc6 22. Bc3 Rxa4 23. b3 Ra2 24. Nd4 Nxd4 25. Bxd4 Qc7 26. Qg4 b5 27. e4
dxe4 28. Bxe4 a4 29. Bb1 Ra3 30. Bb2 Rxb3 31. Rc1 Qb8 32. Bf6 Rxc1 33. Rxc1 Ba3
34. Rd1 Bc5 35. Kg2 Rb4 36. Qh5 Qf4 37. f3 Qxh4 38. Qxh4 Rxh4 39. Be5 Rb4 40.
Be4 a3 41. Rd8 Ra4 42. Bc2 Ra7 43. Rc8 Be7 44. f4 a2 45. Ba1 f6 46. Bb3 Kf7 47.
f5 Ra3 48. fxe6+ Nxe6 49. Rc3 b4 50. Re3 Ra6 51. Bc4 Rc6 52. Bd5 Rd6 53. Bb3
fxg5 54. Kg3 Bf6 0-1

[Event "Canada Int. op"]
[Site "Contrecoeur CAN"]
[Date "2022.10.08"]
[Round "3.13"]
[White "Poulin, Maurice"]
[Black "Trottier, Yves"]
[Result "0-1"]
[WhiteElo "1928"]
[BlackElo "1973"]
[PlyCount "92"]
[EventDate "2022.10.07"]
[EventType "swiss"]
[EventRounds "5"]
[EventCountry "CAN"]

1. e4 e5 2. Nf3 Nf6 3. d3 Nc6 4. c3 d5 5. Nbd2 h6 6. Qc2 Be6 7. b4 Bd6 8. a3
Ne7 9. exd5 Bxd5 10. c4 Bxf3 11. Nxf3 c6 12. Bb2 Qb8 13. Qc3 Ng6 14. O-O-O O-O
15. g3 Nd7 16. h4 c5 17. h5 Ne7 18. Bh3 Nb6 19. Qb3 Nc6 20. b5 Nd4 21. Nxd4
exd4 22. a4 f5 23. a5 Nc8 24. Bg2 f4 25. Bd5+ Kh8 26. g4 a6 27. b6 Ne7 28. Be4
Qc8 29. Qa4 Rb8 30. Rdg1 f3 31. Kb1 Bf4 32. Bc1 Bg5 33. Bxg5 hxg5 34. h6 g6 35.
Rh3 Rf4 36. Rhg3 Qe6 37. Bxf3 Rbf8 38. Bxb7 Rxf2 39. Qd1 Nc6 40. Bxc6 Qxc6 41.
Qe1 Qa4 42. Qe5+ R8f6 43. Qb8+ Kh7 44. Qc7+ Rf7 45. Qxf7+ Rxf7 46. R3g2 Qxa5
0-1

[Event "Canada Int. op"]
[Site "Contrecoeur CAN"]
[Date "2022.10.08"]
[Round "3.14"]
[White "Zhe, Jia"]
[Black "Marcouiller, David"]
[Result "1-0"]
[WhiteElo "1779"]
[BlackElo "1666"]
[PlyCount "59"]
[EventDate "2022.10.07"]
[EventType "swiss"]
[EventRounds "5"]
[EventCountry "CAN"]

1. d4 Nf6 2. c4 e6 3. Nf3 Bb4+ 4. Bd2 Bxd2+ 5. Qxd2 Ne4 6. Qc2 d5 7. e3 b6 8.
Nc3 Bb7 9. Nxe4 dxe4 10. Nd2 f5 11. b4 Qe7 12. Rb1 a5 13. b5 Nd7 14. a4 c5 15.
Qc3 O-O 16. Nb3 Qf6 17. g3 cxd4 18. Qxd4 Ne5 19. Be2 Rfd8 20. Qxb6 Nf3+ 21. Kf1
Rd7 22. Kg2 h5 23. Rhd1 Rad8 24. Nc5 Rxd1 25. Rxd1 Rxd1 26. Bxd1 Qc3 27. Qxb7
Ng5 28. Qc8+ Kh7 29. Nxe6 Nh3 30. Qd7 1-0

[Event "Canada Int. op"]
[Site "Contrecoeur CAN"]
[Date "2022.10.08"]
[Round "3.15"]
[White "Courtemanche, Marc"]
[Black "Wang, Rachel"]
[Result "1-0"]
[WhiteElo "1745"]
[BlackElo "1616"]
[PlyCount "47"]
[EventDate "2022.10.07"]
[EventType "swiss"]
[EventRounds "5"]
[EventCountry "CAN"]

1. d4 d5 2. c4 dxc4 3. Nc3 e5 4. Nf3 exd4 5. Nxd4 c5 6. Ndb5 a6 7. Qa4 axb5 8.
Qxa8 Na6 9. Bd2 b4 10. Ne4 Ne7 11. O-O-O Nd5 12. Bf4 Be7 13. Rxd5 Qxd5 14.
Qxc8+ Bd8 15. Nd6+ Ke7 16. Nf5+ Kf6 17. Ne3 Qe4 18. Qg4 b3 19. axb3 cxb3 20. f3
Qc6 21. Bg5+ Ke5 22. Nc4+ Kd5 23. e4+ Kd4 24. Be3# 1-0

[Event "Canada Int. op"]
[Site "Contrecoeur CAN"]
[Date "2022.10.09"]
[Round "4.1"]
[White "Sai Krishna, GV."]
[Black "Liang, Jason"]
[Result "0-1"]
[WhiteElo "2405"]
[BlackElo "2469"]
[PlyCount "82"]
[EventDate "2022.10.07"]
[EventType "swiss"]
[EventRounds "5"]
[EventCountry "CAN"]

1. e4 c6 2. Nc3 d5 3. Nf3 Bg4 4. h3 Bxf3 5. Qxf3 e6 6. d3 Nd7 7. g4 d4 8. Nb1
Bb4+ 9. c3 Ba5 10. Be2 Ne7 11. O-O c5 12. Qg3 Bc7 13. Qg2 Ng6 14. f4 e5 15. f5
Nf4 16. Bxf4 exf4 17. cxd4 f3 18. Bxf3 cxd4 19. e5 Nxe5 20. Bxb7 Rb8 21. Na3
O-O 22. Be4 Bd6 23. Nc4 Nxc4 24. dxc4 Re8 25. Rae1 d3 26. Kh1 Qh4 27. Rd1 Rxe4
28. Rxd3 Rbe8 29. Rxd6 Re2 30. Re6 R8xe6 31. fxe6 Rxg2 32. exf7+ Kf8 33. Kxg2
h5 34. gxh5 Qg5+ 35. Kh2 Qd2+ 36. Kg3 Qxb2 37. Rf2 Qc3+ 38. Rf3 Qe1+ 39. Kg2
Qe2+ 40. Rf2 Qxh5 41. Rf3 Qg6+ 0-1

[Event "Canada Int. op"]
[Site "Contrecoeur CAN"]
[Date "2022.10.09"]
[Round "4.2"]
[White "Sambuev, Bator"]
[Black "Zhong, Kevin"]
[Result "1-0"]
[WhiteElo "2436"]
[BlackElo "2088"]
[PlyCount "99"]
[EventDate "2022.10.07"]
[EventType "swiss"]
[EventRounds "5"]
[EventCountry "CAN"]

1. Nf3 d5 2. e3 Nf6 3. b3 c5 4. Bb2 Nc6 5. Bb5 e6 6. Ne5 Bd7 7. Nxd7 Qxd7 8.
Bxf6 gxf6 9. c4 f5 10. Nc3 d4 11. Na4 O-O-O 12. exd4 Qxd4 13. Bxc6 Qe5+ 14. Kf1
bxc6 15. Qe1 Qd4 16. Rd1 Bh6 17. d3 Rhg8 18. h3 f4 19. Qa5 f3 20. gxf3 Kb7 21.
Nxc5+ Ka8 22. Rg1 Rxg1+ 23. Kxg1 Bf8 24. Na4 Be7 25. Kf1 Bh4 26. Qc5 Bxf2 27.
Qxd4 Bxd4 28. Rd2 Bf6 29. Nc5 Bd4 30. Ne4 f5 31. Ng3 Be3 32. Rc2 Bf4 33. Ne2
Be3 34. Ng3 Bf4 35. Nh5 Be5 36. Re2 Bd4 37. Nf4 e5 38. Ne6 Rd7 39. Nxd4 Rxd4
40. Rxe5 Rxd3 41. Ke2 Rc3 42. Rxf5 Rc2+ 43. Kd3 Rxa2 44. Rf7 Rb2 45. Kc3 Rf2
46. Kb4 Rb2 47. Rxh7 a5+ 48. Kxa5 Rxb3 49. Rf7 Kb8 50. h4 1-0

[Event "Canada Int. op"]
[Site "Contrecoeur CAN"]
[Date "2022.10.09"]
[Round "4.3"]
[White "Chiku-Ratte, Olivier-Kenta"]
[Black "Han, Johnathan"]
[Result "1-0"]
[WhiteElo "2355"]
[BlackElo "2141"]
[PlyCount "91"]
[EventDate "2022.10.07"]
[EventType "swiss"]
[EventRounds "5"]
[EventCountry "CAN"]

1. d4 Nf6 2. c4 e6 3. Nc3 Bb4 4. a3 Bxc3+ 5. bxc3 c5 6. f3 d5 7. cxd5 exd5 8.
e3 O-O 9. Bd3 Nc6 10. Ne2 Re8 11. O-O b6 12. g4 g6 13. Qe1 a5 14. Qh4 Nd7 15.
Qg3 Nf8 16. Bb5 Bd7 17. Rb1 Qb8 18. Nf4 Qd6 19. Nd3 Qxg3+ 20. hxg3 cxd4 21.
cxd4 Rac8 22. Ba6 Rb8 23. Nf4 Ne7 24. Bd3 Ne6 25. Bd2 Nxf4 26. gxf4 Nc8 27.
Rfc1 Nd6 28. Rc7 Ba4 29. Kf2 Rbc8 30. Rxc8 Nxc8 31. e4 Re6 32. f5 Rc6 33. e5
Bc2 34. Rc1 Ba4 35. Rh1 Na7 36. fxg6 fxg6 37. Ke3 Nb5 38. Bxb5 Bxb5 39. f4 Rc2
40. f5 Ra2 41. Rb1 Rxa3+ 42. Kf4 Be2 43. Rxb6 Rf3+ 44. Kg5 Bd3 45. Kf6 h5 46.
Kxg6 1-0

[Event "Canada Int. op"]
[Site "Contrecoeur CAN"]
[Date "2022.10.09"]
[Round "4.4"]
[White "Gingras, Philippe"]
[Black "Hebert, Jean"]
[Result "0-1"]
[WhiteElo "1927"]
[BlackElo "2340"]
[PlyCount "52"]
[EventDate "2022.10.07"]
[EventType "swiss"]
[EventRounds "5"]
[EventCountry "CAN"]

1. d4 Nf6 2. Bg5 d5 3. Bxf6 exf6 4. e3 Bd6 5. c4 dxc4 6. Bxc4 O-O 7. Nc3 f5 8.
Qf3 Nd7 9. Nge2 Nf6 10. O-O c6 11. Rfd1 a6 12. Bd3 g6 13. Rac1 Kg7 14. a3 h5
15. h4 Re8 16. Nf4 Qe7 17. g3 Bd7 18. Na4 Bxf4 19. Qxf4 Nd5 20. Qf3 f4 21. exf4
Bg4 22. Qg2 Bxd1 23. Rxd1 Rad8 24. Nc5 Nf6 25. Bf1 Qxc5 26. dxc5 Rxd1 0-1

[Event "Canada Int. op"]
[Site "Contrecoeur CAN"]
[Date "2022.10.09"]
[Round "4.5"]
[White "Tanaka, Tyler"]
[Black "Adam, Rafael"]
[Result "1-0"]
[WhiteElo "2277"]
[BlackElo "1971"]
[PlyCount "55"]
[EventDate "2022.10.07"]
[EventType "swiss"]
[EventRounds "5"]
[EventCountry "CAN"]

1. c4 Nf6 2. Nc3 c5 3. Nf3 e6 4. d4 cxd4 5. Nxd4 d5 6. Bf4 a6 7. e3 Bd6 8. Bg5
dxc4 9. Bxc4 O-O 10. O-O Qc7 11. Bxf6 gxf6 12. Bd3 f5 13. Qh5 Be5 14. Nf3 f6
15. Nxe5 fxe5 16. Rac1 Nc6 17. Rfd1 Qf7 18. Qh4 b5 19. Nxb5 axb5 20. Rxc6 Rxa2
21. Rdc1 Bd7 22. Rc7 Qe8 23. Qg3+ Kh8 24. Qxe5+ Kg8 25. Bxb5 Rf7 26. Bc4 Ra8
27. Rxd7 Qxd7 28. Qxe6 1-0

[Event "Canada Int. op"]
[Site "Contrecoeur CAN"]
[Date "2022.10.09"]
[Round "4.6"]
[White "Duong, Thanh Nha"]
[Black "Kot, Emanuel"]
[Result "0-1"]
[WhiteElo "2158"]
[BlackElo "1911"]
[PlyCount "104"]
[EventDate "2022.10.07"]
[EventType "swiss"]
[EventRounds "5"]
[EventCountry "CAN"]

1. f4 d5 2. Nf3 g6 3. e3 Bg7 4. d4 c5 5. c3 Qc7 6. Bd3 b6 7. O-O Nf6 8. Ne5 O-O
9. Qe2 Nbd7 10. Bd2 Ne8 11. Be1 Nd6 12. g4 f5 13. g5 Bxe5 14. fxe5 Ne4 15. Bxe4
dxe4 16. Qc4+ Kg7 17. e6 Nb8 18. Na3 Bb7 19. Rd1 Rd8 20. d5 a6 21. Bg3 Qc8 22.
Be5+ Kg8 23. d6 b5 24. dxe7 Re8 25. Nxb5 axb5 26. Qxb5 Qc6 27. Qxc6 Nxc6 28.
Bf6 Ba6 29. Rf2 Bd3 30. b4 cxb4 31. cxb4 Nxb4 32. Rb2 Nd5 33. Rb7 Nxe3 34. Ra1
Nc2 35. Rab1 e3 36. Rd7 e2 37. Bc3 Bc4 38. Kf2 Bxe6 39. Rd8 e1=Q+ 40. Bxe1 Nxe1
41. Rxe1 Rxa2+ 42. Kg3 Bf7 43. h4 Ra7 44. Rxe8+ Bxe8 45. Re6 Kf7 46. Rf6+ Kxe7
47. h5 Ra3+ 48. Kf4 Ra4+ 49. Ke5 Re4+ 50. Kd5 Bf7+ 51. Kc5 Re6 52. hxg6 hxg6
0-1

[Event "Canada Int. op"]
[Site "Contrecoeur CAN"]
[Date "2022.10.09"]
[Round "4.7"]
[White "Bolduc, Steve"]
[Black "Xu, Daniel"]
[Result "0-1"]
[WhiteElo "2155"]
[BlackElo "2020"]
[PlyCount "88"]
[EventDate "2022.10.07"]
[EventType "swiss"]
[EventRounds "5"]
[EventCountry "CAN"]

1. e4 c5 2. Nf3 d6 3. d4 cxd4 4. Nxd4 Nf6 5. f3 e5 6. Nb3 Be7 7. c4 a5 8. Be3
O-O 9. Nc3 a4 10. Nd2 Qa5 11. Rc1 Nc6 12. Be2 Nd4 13. O-O Bd8 14. Nb5 Nxb5 15.
cxb5 Bb6 16. Nc4 Bxe3+ 17. Nxe3 Qb6 18. Rc3 Be6 19. Kh1 Bxa2 20. Qd2 Be6 21.
Rd1 Rfd8 22. Rd3 g6 23. Nf5 Bxf5 24. exf5 d5 25. Qg5 Kg7 26. fxg6 hxg6 27. Bf1
Re8 28. Qd2 Qxb5 29. Rd4 Qc5 30. Rh4 Rh8 31. Rc1 Qxc1 32. Qxc1 Rxh4 33. Qe1 Rd4
34. Qxe5 Rd1 35. g4 Re8 36. Qc3 d4 37. Qc4 Ree1 38. Qxa4 Rxf1+ 39. Kg2 Rg1+ 40.
Kf2 Rgf1+ 41. Kg2 Nd5 42. h4 Rg1+ 43. Kf2 Rdf1+ 44. Ke2 Nf4+ 0-1

[Event "Canada Int. op"]
[Site "Contrecoeur CAN"]
[Date "2022.10.09"]
[Round "4.8"]
[White "Rodrigue-Lemieux, Shawn"]
[Black "Latorre, Vincent"]
[Result "1-0"]
[WhiteElo "2482"]
[BlackElo "1949"]
[PlyCount "109"]
[EventDate "2022.10.07"]
[EventType "swiss"]
[EventRounds "5"]
[EventCountry "CAN"]

1. Nf3 Nf6 2. g3 e6 3. Bg2 d5 4. O-O Bd6 5. c4 O-O 6. d4 dxc4 7. Nfd2 c5 8.
dxc5 Bxc5 9. Nxc4 Nbd7 10. Nc3 a6 11. Bf4 Ra7 12. Na4 b5 13. Nxc5 bxc4 14. Bd6
Re8 15. Qc2 Qb6 16. Nxd7 Rxd7 17. Be5 Qc5 18. Bxf6 gxf6 19. Rac1 Bb7 20. Qa4
Qb5 21. Rxc4 Qxa4 22. Rxa4 Bxg2 23. Kxg2 Rb8 24. b3 Rb6 25. Rc1 f5 26. Rc8+ Kg7
27. Ra8 Rdd6 28. e3 Kf6 29. Ra7 e5 30. h3 h6 31. Rc4 Rbc6 32. Rd7 Ke6 33. Rxd6+
Rxd6 34. Kf3 Kd7 35. Ke2 Rd5 36. Rc3 Ra5 37. a4 e4 38. Rc4 Re5 39. b4 Re6 40.
Rc5 Rf6 41. Kd2 Rd6+ 42. Kc2 Ke6 43. b5 a5 44. g4 fxg4 45. hxg4 f6 46. Rc4 f5
47. gxf5+ Kxf5 48. Rc5+ Ke6 49. Rh5 Kd7 50. Rh4 Rf6 51. Rf4 Re6 52. Kc3 h5 53.
Kd4 Rh6 54. Rh4 Rf6 55. Rh2 1-0

[Event "Canada Int. op"]
[Site "Contrecoeur CAN"]
[Date "2022.10.09"]
[Round "4.9"]
[White "Lawson, Eric"]
[Black "Batorshyn, Ilia"]
[Result "1/2-1/2"]
[WhiteElo "2371"]
[BlackElo "1909"]
[PlyCount "100"]
[EventDate "2022.10.07"]
[EventType "swiss"]
[EventRounds "5"]
[EventCountry "CAN"]

1. e4 c6 2. d4 d5 3. e5 Bf5 4. Nf3 e6 5. Be2 Nd7 6. O-O Ne7 7. Re1 c5 8. dxc5
Nc6 9. c4 dxc4 10. Bxc4 Bxc5 11. Nc3 O-O 12. h3 Nb6 13. Bb5 Nb4 14. Bg5 Be7 15.
Bxe7 Qxe7 16. Nd4 Bg6 17. a3 N4d5 18. Ne4 Bxe4 19. Rxe4 a6 20. Bd3 Nd7 21. Qh5
g6 22. Qh6 Rfe8 23. Rh4 Nf8 24. Re1 f5 25. exf6 Qxf6 26. Rhe4 Rad8 27. Bb1 Rd6
28. h4 Qg7 29. Qxg7+ Kxg7 30. Ba2 Nc7 31. Rc1 Re7 32. Kf1 Red7 33. Ke1 Rxd4 34.
Rxd4 Rxd4 35. Rxc7+ Kf6 36. Rxb7 Rxh4 37. Ra7 Rh1+ 38. Ke2 Rc1 39. Kd3 Rf1 40.
Ke3 Re1+ 41. Kf3 g5 42. Rxa6 h5 43. a4 Nd7 44. g3 Nc5 45. Ra5 Nd3 46. Rb5 Ra1
47. Ke3 Rxa2 48. Kxd3 Rxa4 49. b4 Ra2 50. Ke3 Rb2 1/2-1/2

[Event "Canada Int. op"]
[Site "Contrecoeur CAN"]
[Date "2022.10.09"]
[Round "4.10"]
[White "Zheng, Richard"]
[Black "Chabot, Roland"]
[Result "1-0"]
[WhiteElo "2147"]
[BlackElo "2111"]
[PlyCount "105"]
[EventDate "2022.10.07"]
[EventType "swiss"]
[EventRounds "5"]
[EventCountry "CAN"]

1. d4 Nf6 2. Bg5 g6 3. Bxf6 exf6 4. e4 d5 5. exd5 Qxd5 6. c4 Qe6+ 7. Be2 Bg7 8.
Nf3 O-O 9. O-O f5 10. Qc2 Na6 11. Nc3 c6 12. Rfd1 Nc7 13. Rab1 b6 14. Bf1 Bb7
15. b3 Rfd8 16. g3 c5 17. d5 Qf6 18. Ne2 Ne8 19. Nf4 Nd6 20. Nd3 Rac8 21. Nfe5
Re8 22. f4 Ne4 23. Bg2 Qd6 24. Re1 f6 25. Nf3 Qd7 26. Re2 Nd6 27. Rbe1 Rxe2 28.
Rxe2 Re8 29. Qd1 Re4 30. Nd2 Rd4 31. Qc2 Qc7 32. Ne1 b5 33. Nef3 Re4 34. Nxe4
fxe4 35. Rxe4 bxc4 36. bxc4 Bc8 37. Re3 Qa5 38. Qe2 Qa4 39. Rb3 Kf7 40. Rb8 Bf5
41. h3 Qa3 42. g4 Be4 43. Rd8 Bf8 44. Rxd6 Bxd6 45. Qxe4 Qc1+ 46. Qe1 Qxf4 47.
Qc3 Qg3 48. Qa5 Be5 49. Nxe5+ Qxe5 50. Qxa7+ Ke8 51. Qxc5 Qe1+ 52. Kh2 Qe5+ 53.
Kh1 1-0

[Event "Canada Int. op"]
[Site "Contrecoeur CAN"]
[Date "2022.10.09"]
[Round "4.11"]
[White "Guipi Bopala, Prince Eric jr"]
[Black "Zhe, Jia"]
[Result "1/2-1/2"]
[WhiteElo "1790"]
[BlackElo "1779"]
[PlyCount "95"]
[EventDate "2022.10.07"]
[EventType "swiss"]
[EventRounds "5"]
[EventCountry "CAN"]

1. d4 Nf6 2. c4 e6 3. g3 c5 4. d5 exd5 5. cxd5 d6 6. Nc3 g6 7. Bg2 Bg7 8. Nf3
O-O 9. O-O Re8 10. Bf4 a6 11. a4 Nh5 12. Bg5 Qb6 13. Qc2 Nd7 14. e4 Ne5 15. Nd2
h6 16. Be3 Ng4 17. Nc4 Qc7 18. Bd2 Bd7 19. a5 Ne5 20. Nxe5 Rxe5 21. Na4 Bxa4
22. Rxa4 Re7 23. Bc3 Nf6 24. f4 Nd7 25. Bxg7 Kxg7 26. Qc3+ f6 27. Raa1 b5 28.
axb6 Qxb6 29. Rf2 Qb4 30. Rc2 Qxc3 31. bxc3 Nb6 32. Rca2 Nc4 33. Rxa6 Rxa6 34.
Rxa6 Rb7 35. Ra2 Rb1+ 36. Kf2 Rc1 37. Bf1 Rxc3 38. Bxc4 Rxc4 39. Ke3 Rc3+ 40.
Kd2 Rc4 41. Kd3 Rd4+ 42. Ke3 f5 43. Ra6 Rxe4+ 44. Kf3 c4 45. Rxd6 Rd4 46. Rc6
Rd3+ 47. Ke2 Rxd5 48. Rxc4 1/2-1/2

[Event "Canada Int. op"]
[Site "Contrecoeur CAN"]
[Date "2022.10.09"]
[Round "4.13"]
[White "Jiang, Barron Jiyu"]
[Black "Wang, Derek"]
[Result "1-0"]
[WhiteElo "1603"]
[BlackElo "1697"]
[PlyCount "77"]
[EventDate "2022.10.07"]
[EventType "swiss"]
[EventRounds "5"]
[EventCountry "CAN"]

1. e4 c5 2. Nf3 Nc6 3. d4 cxd4 4. Nxd4 Nf6 5. Nc3 e6 6. a3 Be7 7. Be2 O-O 8.
O-O a6 9. Be3 d5 10. exd5 Nxd5 11. Nxd5 exd5 12. Nxc6 bxc6 13. c4 Bf6 14. cxd5
cxd5 15. Bc5 Re8 16. Rb1 Qc7 17. b4 Qe5 18. Bf3 Bf5 19. Rb3 Be6 20. Rd3 Qb2 21.
a4 Rad8 22. Bd4 Bxd4 23. Rxd4 Rb8 24. Be2 Rxb4 25. Rxb4 Qxb4 26. Bxa6 d4 27.
Re1 Rd8 28. Re4 Bb3 29. Qe2 Bxa4 30. Bd3 Rc8 31. h3 Rc1+ 32. Kh2 Qd6+ 33. g3
Bc6 34. Re8+ Bxe8 35. Qxe8+ Qf8 36. Bxh7+ Kxh7 37. Qxf8 d3 38. Qxf7 d2 39. Qh5+
1-0

[Event "Canada Int. op"]
[Site "Contrecoeur CAN"]
[Date "2022.10.09"]
[Round "4.14"]
[White "Courtemanche, Marc"]
[Black "Templonuevo, Mark Geryl"]
[Result "1-0"]
[WhiteElo "1745"]
[BlackElo "1781"]
[PlyCount "91"]
[EventDate "2022.10.07"]
[EventType "swiss"]
[EventRounds "5"]
[EventCountry "CAN"]

1. d4 Nf6 2. c4 c5 3. Nf3 cxd4 4. Nxd4 e5 5. Nc2 Nc6 6. Nc3 a6 7. Bg5 Be7 8. e3
d6 9. Be2 Be6 10. O-O O-O 11. Qd2 h6 12. Bh4 g5 13. Bg3 Ne8 14. f4 f5 15. Rad1
e4 16. a4 g4 17. h3 h5 18. hxg4 hxg4 19. Kf2 Ng7 20. Rh1 Qe8 21. Rh6 Nd8 22.
Rdh1 Nf7 23. R6h2 Rc8 24. b3 Qd8 25. Nd4 Re8 26. Bh4 Bxh4+ 27. Rxh4 Qa5 28. Qb2
b5 29. b4 Qc7 30. Nxe6 Rxe6 31. Nd5 Qa7 32. cxb5 axb5 33. Rh7 Rg6 34. g3 Ra8
35. Bxb5 Kf8 36. a5 Qb7 37. Nc3 d5 38. Ne2 Rd8 39. Nd4 Rdd6 40. Rxg7 Rxg7 41.
Nxf5 Rgg6 42. Nxd6 Nxd6 43. Rh8+ Ke7 44. Qe5+ Re6 45. Qg5+ Rf6 46. Rh6 1-0

[Event "Canada Int. op"]
[Site "Contrecoeur CAN"]
[Date "2022.10.09"]
[Round "4.15"]
[White "Wang, Rachel"]
[Black "Marcouiller, David"]
[Result "1-0"]
[WhiteElo "1616"]
[BlackElo "1666"]
[PlyCount "75"]
[EventDate "2022.10.07"]
[EventType "swiss"]
[EventRounds "5"]
[EventCountry "CAN"]

1. d4 Nf6 2. c4 c5 3. d5 e6 4. Nc3 exd5 5. cxd5 d6 6. e4 g6 7. Nf3 Bg4 8. h3
Bxf3 9. Qxf3 Bg7 10. Bd3 O-O 11. Qe2 Re8 12. O-O Nbd7 13. Bg5 a6 14. a4 Rc8 15.
f4 Qb6 16. a5 Qa7 17. Kh2 c4 18. Bc2 Qc5 19. Qf3 Nh5 20. g4 h6 21. Bxh6 Bxh6
22. gxh5 Kg7 23. Rg1 Qd4 24. Raf1 Rg8 25. hxg6 f6 26. Rd1 Qc5 27. Ne2 Kf8 28.
Ba4 Ke7 29. Nd4 Bg7 30. Qg4 Nf8 31. Ne6 Qxa5 32. Nxf8 Qxa4 33. Qe6+ Kd8 34.
Qxd6+ Ke8 35. Qe6+ Kd8 36. d6 Rc5 37. Qe7+ Kc8 38. d7+ 1-0

[Event "Canada Int. op"]
[Site "Contrecoeur CAN"]
[Date "2022.10.09"]
[Round "5.1"]
[White "Liang, Jason"]
[Black "Tanaka, Tyler"]
[Result "1-0"]
[WhiteElo "2469"]
[BlackElo "2277"]
[PlyCount "141"]
[EventDate "2022.10.07"]
[EventType "swiss"]
[EventRounds "5"]
[EventCountry "CAN"]

1. e4 c5 2. Nf3 d6 3. Bb5+ Nd7 4. a4 Ngf6 5. Nc3 a6 6. Be2 g6 7. O-O Bg7 8. a5
O-O 9. d3 e5 10. Nd5 h6 11. Nxf6+ Nxf6 12. c4 b5 13. axb6 Qxb6 14. Bd2 Bd7 15.
Qc2 a5 16. b3 Ra6 17. Ra3 Rfa8 18. Rfa1 Nh7 19. Qc1 h5 20. Bd1 Bf6 21. Ne1 Nf8
22. Nc2 Ne6 23. R1a2 Bc8 24. g3 Bb7 25. h4 Kg7 26. Bf3 Nd8 27. Ne3 Ne6 28. Qe1
Bd8 29. Bc3 Kh7 30. Bd1 Qc7 31. Qf1 Qe7 32. Be1 Qf6 33. Kh2 Bc7 34. Ng2 Kg7 35.
Kg1 Kh7 36. Bc3 Nd4 37. Bxd4 exd4 38. f4 Rf8 39. Rf2 Raa8 40. f5 Qe7 41. Raa2
d5 42. exd5 Bxg3 43. Rf3 Be5 44. Raf2 Kg8 45. Qe2 Qd6 46. Qd2 Kg7 47. Nf4 Bxf4
48. Rxf4 Rae8 49. Bf3 Bc8 50. f6+ Kh7 51. Be4 Bg4 52. Rg2 Re5 53. Rff2 Rfe8 54.
Qf4 Qd7 55. Kh2 Qc8 56. Ra2 Qc7 57. Kg1 Qd8 58. Raf2 Qd7 59. Rg3 Qc8 60. Rfg2
Qd8 61. Rxg4 hxg4 62. Rxg4 Rh5 63. Rg5 Rh6 64. h5 Rxe4 65. dxe4 Rxh5 66. Rxh5+
gxh5 67. Qg5 Qf8 68. d6 d3 69. d7 d2 70. d8=Q Qxd8 71. Qg7# 1-0

[Event "Canada Int. op"]
[Site "Contrecoeur CAN"]
[Date "2022.10.09"]
[Round "5.2"]
[White "Hebert, Jean"]
[Black "Sambuev, Bator"]
[Result "0-1"]
[WhiteElo "2340"]
[BlackElo "2436"]
[PlyCount "136"]
[EventDate "2022.10.07"]
[EventType "swiss"]
[EventRounds "5"]
[EventCountry "CAN"]

1. Nf3 d5 2. d4 c6 3. g3 Bg4 4. Bg2 Nd7 5. O-O e6 6. h3 Bxf3 7. exf3 g6 8. c3
Bg7 9. Re1 Ne7 10. Nd2 c5 11. dxc5 Nxc5 12. Nb3 Na4 13. Nd4 Qd7 14. f4 O-O 15.
Bf1 a6 16. Rb1 Nc8 17. Nf3 b5 18. Ne5 Qc7 19. Be3 Nd6 20. Bd4 f6 21. Nd3 Rfe8
22. Bg2 Nb6 23. b3 Nd7 24. Rb2 f5 25. Ne5 Nxe5 26. fxe5 Ne4 27. Bxe4 dxe4 28.
f4 exf3 29. Qxf3 Rad8 30. Qe3 Rd5 31. a4 Rb8 32. axb5 Rdxb5 33. c4 R5b7 34. Bc5
Bh6 35. Qxh6 Qxc5+ 36. Qe3 Qxe3+ 37. Rxe3 a5 38. Ra2 Rxb3 39. Rxb3 Rxb3 40. Kg2
Re3 41. Rxa5 g5 42. Kf2 Re4 43. Rc5 Kf7 44. Kf3 h5 45. Ra5 h4 46. gxh4 gxh4 47.
c5 Rxe5 48. Ra7+ Kf6 49. c6 Rc5 50. c7 Rc3+ 51. Ke2 Ke5 52. Kd2 Rc6 53. Kd3 Kd6
54. Ra4 Rxc7 55. Rxh4 Ke5 56. Rh6 Ra7 57. h4 Ra3+ 58. Ke2 f4 59. Kf2 Kf5 60. h5
Ra2+ 61. Kg1 f3 62. Rh8 Kf4 63. h6 Ke3 64. Re8 Ra1+ 65. Kh2 f2 66. Rxe6+ Kd3
67. Rd6+ Ke4 68. Re6+ Kd5 0-1

[Event "Canada Int. op"]
[Site "Contrecoeur CAN"]
[Date "2022.10.09"]
[Round "5.3"]
[White "Xu, Daniel"]
[Black "Sai Krishna, GV."]
[Result "1-0"]
[WhiteElo "2020"]
[BlackElo "2405"]
[PlyCount "101"]
[EventDate "2022.10.07"]
[EventType "swiss"]
[EventRounds "5"]
[EventCountry "CAN"]

1. e4 e5 2. Nf3 Nc6 3. Bb5 a6 4. Ba4 d6 5. O-O Nf6 6. Re1 b5 7. Bb3 Be7 8. c3
O-O 9. h3 Nd7 10. d4 Bf6 11. a4 Bb7 12. Na3 exd4 13. cxd4 Re8 14. Bf4 Na5 15.
e5 Bxf3 16. Qxf3 Nxb3 17. Qxb3 bxa4 18. Qg3 Bh4 19. Qg4 dxe5 20. dxe5 Nf8 21.
Rad1 Qe7 22. g3 Ng6 23. gxh4 Qb4 24. Bg3 Qxb2 25. Nc4 Qb4 26. h5 Nf8 27. Bh4 f5
28. Qf4 Ne6 29. Qc1 f4 30. Kh2 Rf8 31. Rg1 Rf5 32. Rd7 Raf8 33. h6 R8f7 34.
Rxf7 Rxf7 35. hxg7 Nd4 36. e6 Nxe6 37. Ne5 Rxg7 38. Bf6 Rxg1 39. Qxg1+ Kf8 40.
Qg4 Qe1 41. Qf3 c6 42. Qa3+ Kg8 43. Qa2 Kf8 44. Qb2 Kg8 45. Qb8+ Nf8 46. Qa7
Nd7 47. Nxd7 Kf7 48. Ne5+ Ke6 49. Qd7+ Kxf6 50. Qf7+ Kg5 51. Nf3+ 1-0